| 000 | 00539nam a2200181 i 4500 | ||
|---|---|---|---|
| 001 | 98106 | ||
| 003 | ES-MaACL | ||
| 005 | 20240421063021.0 | ||
| 007 | t| | ||
| 008 | 050726s1963 sp ||||1| spa d | ||
| 100 | 1 |
_aMarrodán, Mario Ángel, _d1932-2005 _977080 |
|
| 245 | 1 | 0 |
_aDécadas bajo el cielo / _cMario Angel Marrodán. |
| 260 |
_aBilbao : _bCastilla, _c1963. |
||
| 300 |
_a19 p., 1 lám. ; _c25 cm. |
||
| 852 |
_aES-MaACL _j1756-F-20 _bR.52260 |
||
| 852 |
_aES-MaACL _j2032-F-20 _bR.52076 |
||
| 999 |
_c98106 _d98106 |
||